000 01036nam0a22002651 4500
001 rc\1174385
005 20041129085501.4
035 _a(NLR Aleph) 006432885
090 _a5564542
_c5564542
100 _a20041129d1980 u |0rusy50 ca
101 0 _arus
102 _aRU
105 _aa |||||||||
200 1 _aВопросы физиологии культурных растений в связи с интродукцией, селекцией и продуктивностью
_e[Сб. статей
_fОтв. ред. доц. И.П. Елисеев]
210 _aГорький
_cГорьк. гос. с.-х. ин-т
_d1980
215 _a109 с.
_cил.
_d21
225 1 _aТруды
_fГорьк. с.-х. ин-т
_vТ. 147
300 _aВ надзаг. также: М-во сел. хоз-ва СССР
320 _aБиблиогр.: с. 90-91
702 1 _aЕлисеев
_bИ. П.
_gИван Петрович
_4340
801 0 _aRU
_bNLR
_gpsbo
801 1 _aRU
_bELAR
_2rusmarc
852 _aNLR
_jП13/347
942 _cBOOK
980 _aNB